| 000 | 00680nam a2200193 i 4500 | ||
|---|---|---|---|
| 001 | bg | ||
| 100 | 1 | _aPAMPUCH, Roman | |
| 245 | 0 |
_aReakcje chemiczne w układzie SiC(s)-O2(g) w podwyższonych temperaturach ; Podstawy wykorzystania polimorficznych przemian fazowych ortokrzemianu wapniowego w procesach technologicznych / _cR. Pampuch, S. Jonas, W. Ptak / A. Derdacka-Grzymek. |
|
| 260 |
_aWrocław [et al.], _c1981. |
||
| 490 | 1 |
_aCeramika ; _v31 |
|
| 700 | 1 | _aJONAS, Stanisława | |
| 700 | 1 | _aPTAK, Wiesław S. | |
| 700 | 1 | _aDERDACKA-GRZYMEK, Anna | |
| 830 | _aCeramika ; | ||
| 040 | _cBPK | ||
| 041 | _apol | ||
| 942 | _cKS | ||
| 008 | s pl f |000 0 pol | ||
| 999 |
_c20756 _d20756 |
||
| 856 |
_uhttp://koha.tu.koszalin.pl/cgi-bin/koha/opac-detail.pl?biblionumber=20756 _yKatalog online BPK |
||